00482nam a2200157Ia 4500003000900000008004100009040001600050080001300066100002300079245012200102260003300224300001000257650001600267650001900283700002200302IN-BaIIA211028s9999 xx 000 0 eng d cIIA Library a511bKUD aKudryavtsev, V. A. 2aA brief course of higher mathematicscV. A. Kudryavtsev and B. P. Demidovich  aMoscowbMIR Publishersc1984 a693p. aMathematics aNASA Thesaurus aDemidovich, B. P.